000 00404nam a22001457a 4500
005 20180731152150.0
020 _a8120316606
_c150.00
035 _aA-998850, A-998844
037 _aDPL
_bENG
100 _aCrane, Neil
245 _aMSMQ from scratch /
_cby Neil Crane
260 _aNew Delhi
_bPrentice-Hall of India
_c2000
300 _a350p.
_c20 cms.
942 _2ddc
_cEN
_h005.754
_mCRA
999 _c62576
_d62576